000
00276nam a2200133Ia 4500
008
230523s9999 xx 000 0 und d
100
_a
Princeton
245
0
_a
GMAT Premium Prep 2023
260
_a
N.Y.
260
_b
Penguin
260
_c
2022
300
_a
917
942
_c
RB
999
_c
2091
_d
2091